Χρωστικές και ζωγραφική στα επιτύμβια μνημεία της ελληνιστικής περιόδου : χημικές αναλύσεις απ' τη νεκρόπολη της Ρόδου ; πτυχιακή εργασία

Αποθηκεύτηκε σε:
Λεπτομέρειες βιβλιογραφικής εγγραφής
Κύριος συγγραφέας: Ελευθερίου, Παναγιώτα
Συγγραφή απο Οργανισμό/Αρχή: Πανεπιστήμιο Αιγαίου. Σχολή Ανθρωπιστικών Σπουδών. Τμήμα Μεσογειακών Σπουδών
Άλλοι συγγραφείς: Λυριτζής, Ιωάννης (Εισηγητής διατριβής), Στεφανάκης, Εμμανουήλ Ι. (Εισηγητής διατριβής), Κουσούλης, Παναγιώτης (Εισηγητής διατριβής)
Μορφή: Thesis Βιβλίο
Γλώσσα:Greek
Δημοσίευση: Ρόδος : Πανεπιστήμιο Αιγαίου, Τμήμα Μεσογειακών Σπουδών, 2004.
Θέματα:
Διαθέσιμο Online:http://hdl.handle.net/11610/8149
Ετικέτες: Προσθήκη ετικέτας
Δεν υπάρχουν, Καταχωρήστε ετικέτα πρώτοι!

MARC

LEADER 00000cam a2200000 i 4500
001 1/70747
008 050201s2004 gre d
035 |l 10076322 
040 |a GR-MY-UA  |b gre  |e aacr 
041 0 |a gre 
082 7 |a 751.73   |2 (21) 
100 1 |a Ελευθερίου, Παναγιώτα. 
245 1 0 |a Χρωστικές και ζωγραφική στα επιτύμβια μνημεία της ελληνιστικής περιόδου :   |b χημικές αναλύσεις απ' τη νεκρόπολη της Ρόδου ; πτυχιακή εργασία /   |c Ελευθερίου Παναγιώτα ; επόπτης καθηγητής: Ιωάννης Λυριτζής ; συνεπιβλέποντες καθηγητές: Εμμανουήλ Στεφανάκης, Παναγιώτης Κουσούλης. 
260 |a Ρόδος :   |b Πανεπιστήμιο Αιγαίου, Τμήμα Μεσογειακών Σπουδών,   |c 2004.  
300 |a 146 σ. 
502 |a Πτυχιακή εργασία – Πανεπιστήμιο Αιγαίου, Ρόδος, 2004. 
504 |a Περιέχει βιβλιογραφικές αναφορές.  
610 2 0 |a University of the Aegean  |x Dissertations. 
650 0 0 |a Mural painting and decoration  |x Hellenistic. 
650 0 0 |a Tombs  |z Greece  |z Rhodes (Island) 
650 0 0 |a Dissertations, Academic  |z Greece. 
700 1 |a Λυριτζής, Ιωάννης.  |4 ths 
700 1 |a Στεφανάκης, Εμμανουήλ Ι.  |4 ths 
700 1 |a Κουσούλης, Παναγιώτης.  |4 ths 
710 2 |a Πανεπιστήμιο Αιγαίου.   |b Σχολή Ανθρωπιστικών Σπουδών.   |b Τμήμα Μεσογειακών Σπουδών. 
852 |a INST  |b RHODES  |c DIATR  |e 20050201  |h 751.73 ΕΛΕ  |p 005400017898  |q 005400017898  |t DIE  |y 23 
852 |a INST  |b RHODES  |c DIATR  |e 20080808  |h 751.73 ΕΛΕ  |p 005400017899  |q 005400017899  |t DIE  |y 23 
856 |u http://hdl.handle.net/11610/8149 
901 |a BIBL4-2004-3 
909 |a Ρ  |b 110410 
909 |a Ρ  |b 110411 
924 |a ΕΛΕΥΘΕΡΙΟΥ  |b ΠΑΝΑΓΙΩΤΑ  |y Ρόδος  |z 2004-10 
970 |a ΣΜΠΙΛΗ  |b ΕΛΕΝΗ  |z 2005/02/01